| 000 | 02171nam a22005057a 4500 | ||
|---|---|---|---|
| 003 | CHAP | ||
| 005 | 20220817042840.0 | ||
| 008 | 971013s1970 mx ab r 00010 spa d | ||
| 010 | _a57625 | ||
| 011 | _a58597 | ||
| 035 | _a62752 | ||
| 040 | _cCHAP | ||
| 082 |
_a338.1 _bS6Y |
||
| 100 | 0 | 0 |
_aSouthworth, Herman M. _9108993 |
| 245 | 1 | _aDesarrollo agrícola y crecimiento económico | |
| 260 |
_aMéxico, D.F. : _bUTHEA, _c1970 |
||
| 300 |
_a659 p. _b: ilus. ; mapa |
||
| 590 |
_aBATCH-UPD _b10 _c20130110 _lUCH01 _h0742 |
||
| 590 |
_aBATCH-UPD _b10 _c20130410 _lUCH01 _h0423 |
||
| 590 |
_aBATCH-UPD _b10 _c20130914 _lUCH01 _h1151 |
||
| 590 |
_aCONVERSION _b10 _c20130109 _lUCH01 _h1331 |
||
| 650 | 1 | 4 |
_aAgricultura _xAspectos económicos. |
| 650 | 1 | 4 | _aDesarrollo económico. |
| 650 | 1 | 4 |
_aPolítica agrícola. _990283 |
| 700 | 0 |
_aJohnston, Bruce F. _961889 |
|
| 901 | _aBK | ||
| 942 | _cLIBRO | ||
| 949 |
_a338.1 S6Y _bBC _cBPA _d-150273 _eBPA _fc.6 _h31967 _i62752 _si |
||
| 949 |
_a338.1 S6Y _bBC _cBPA _d-150274 _eBPA _fc.7 _h31968 _i62752 _si |
||
| 949 |
_a338.1 S6Y _bBC _cBPA _d-150275 _eBPA _fc.8 _h31969 _i62752 _si |
||
| 949 |
_a338.1 S6Y _bBC _cBPA _d-150276 _eBPA _fc.9 _h31970 _i62752 _si |
||
| 949 |
_a338.1 S6Y _bBC _cBPA _d-150277 _eBPA _fc.10 _h31971 _i62752 _si |
||
| 949 |
_a338.1 S6Y _bBC _cBPA _d-150278 _eBPA _fc.11 _h31972 _i62752 _si |
||
| 949 |
_a338.1 S6Y _bBC _cBPA _d-150279 _eBPA _fc.12 _h31973 _i62752 _si |
||
| 949 |
_a338.1 S6Y _bBC _cBPA _d-150280 _eBPA _fc.14 _h17552 _i62752 _si |
||
| 949 |
_a338.1 S6Y _bBC _cBPA _d-150281 _eBPA _fc.15 _h31964 _i62752 _si |
||
| 949 |
_a338.1 S6Y _bBC _cBPA _d-150282 _eBPA _fc.16 _h31966 _i62752 _si |
||
| 949 |
_a338.1 S6Y _bBC _cBPA _d-150283 _eBPA _fc.17 _h42868 _i62752 _si |
||
| 949 |
_a338.1 S6y _bBC _cBPA _d33724002123347 _eBPA _fc.18 _gI.c/e _h111361 _i62752 _sb |
||
| 949 |
_a338.1 S6Y _bBC _cLIBRO _d33724000346391 _eLIBRO _fc.2 _h15564 _i62752 _si |
||
| 949 |
_a338.1 S6Y _bBC _cLIBRO _d33724000346409 _eLIBRO _fc.5 _h17553 _i62752 _si |
||
| 949 |
_a338.1 S6Y _bBC _cLIBRO _d33724000346417 _eLIBRO _h14667 _i62752 _si |
||
| 949 |
_a338.1 S6Y _bBC _cLIBRO _d33724000346425 _eLIBRO _fc.3 _h17551 _i62752 _si |
||
| 949 |
_a338.1 S6Y _bBC _cLIBRO _d33724000346433 _eLIBRO _fc.4 _h31965 _i62752 _si |
||
| 999 |
_c57625 _d57625 |
||